| 000 | 01275cam a22002054a 4500 | ||
|---|---|---|---|
| 005 | 20250605164242.0 | ||
| 008 | 250528s ||||||||||||||||||||||||d | ||
| 035 | _a21364 | ||
| 020 | _a9780415592246 | ||
| 040 |
_aGR-AtMCL _bgre _dGR-AtMCL _eAACR2 |
||
| 245 | 1 | _aSpecial Educational Needs / The Basics | |
| 250 | _a1st | ||
| 260 |
_bRouledge, _c2012 |
||
| 300 | _a216 | ||
| 520 | _aThis well written introductory book offers trainee and experienced teachers a very useful and broad introduction to a complex field. Acknowledgements, Introduction, Models of Human Learning: Behaviorist and Constructivist and Eco-Systemic Approaches, Special Educational Needs: Evolution of the Field, Understanding and Addressing Difficulties in Communication and Interaction, Understanding and Addressing Difficulties in Cognition and Learning, Understanding and Addressing Difficulties in Behavior and Emotional and Social Development, Understanding and Addressing Sensory and/ or Physical Difficulties and Needs, Assessment and Planning for Children with Special Educational Needs, The Wider Children's Workforce Associated with Special Educational Needs Provision, References, Index. | ||
| 700 | 1 |
_aWearmouth Janice _96725 |
|
| 942 | _cBK | ||
| 999 |
_c6428 _d6428 |
||